| 000 | 004200000a22001690004500 | ||
|---|---|---|---|
| 020 | _a968-15-0176-4 | ||
| 041 | 0 | _aSPA | |
| 082 | 0 | 4 | _aG 813 H488j |
| 100 | 1 | _aHemingway, Ernest (1899-1961) | |
| 245 | 1 | 0 | _aEl viejo y el mar / Eners Hemingway |
| 250 | _a2 | ||
| 260 | _aMéxico : Libreros Mexicanos Unidos | ||
| 300 | _a103 Pag | ||
| 500 | _aTitulo original : The old man and the sea | ||
| 001 | 10855 | ||
| 942 | _cBK | ||
| 999 |
_c40281 _d40281 |
||